Raj slovenskej prírody

Bibliographic Details
Main Author: Ondrášek, Ivan (Author)
Format: Article
Language:Slovak
PhysicalDescription:Obr. 2.
Subjects:

MARC

LEADER 00000nab a2200000 a 4500
001 vtls000248088
003 SK-MaSNL
005 20260302211029.0
008 111130c1986 xo 0 slo
015 |a SNBRB19rr/mm-uuuuu 
035 |a CL0258202 
040 |a SNKBUCL  |b slo  |c SNKBUCL  |e AACR2 
041 0 |a slo 
044 |a xo  |c SK 
080 |a 502.4  |2 1981 
080 |a 911.53  |2 1981 
100 1 |a Ondrášek, Ivan  |4 aut  |9 278054 
245 1 0 |a Raj slovenskej prírody  |c Ivan Ondrášek 
300 |b Obr. 2. 
650 0 7 |a chránené krajinné oblasti  |2 snkbucl  |9 3798 
651 7 |a Muránska planina (Slovensko)  |2 snkbucl  |9 27791 
655 7 |a články z novín a časopisov  |2 snkbucl  |9 267496 
773 0 |t Príroda a spoločnosť  |g Roč. 35, č. 5 (1986), s. 20-23 
850 |a Slovenská národná knižnica v Martine  |a MTA001 
852 |a SNK  |b KIS3GCP 
958 |a RK 
992 |a RBX 
999 |c 1484841  |d 1486771